000
00299nam a22001337a 4500
020
_a
0-978-48311-2
082
_a
823
_b
WIG/B
100
_a
WIGGS, SUSAN
245
_a
BOBBY HUTCHINSON KAREN YOUNG
260
_a
AUSTRALIA
_b
SILHOUTTE
_c
1997
300
_a
377
650
_a
NOVEL
_z
AUSTRALIA
942
_c
BK
999
_c
5036
_d
5036